X-6 ÇOCUKLAR İÇİN SANAL ORTAM DESTEKLİ SANAT (Record no. 587452)

MARC details
000 -LEADER
sabit uzunluktaki kontrol alanı 00310nam a2200109Ia 4500
001 - KONTROL NUMARASI
kontrol alanı 587452
005 - EN SON İŞLEMİN TARİH VE ZAMANI
kontrol alanı 20250717113816.0
008 - SABİT-UZUNLUKTA VERİ ÖĞELERİ--GENEL BİLGİ
sabit uzunluktaki kontrol alanı 250717s9999 xx 000 0 und d
245 #0 - ESER / YAZAR
ESER ADI X-6 ÇOCUKLAR İÇİN SANAL ORTAM DESTEKLİ SANAT
Yazar Adı ANNA BRETT
260 ## - YAYIN, DAĞITIM, VB.
YAYIN EVİ TÜRKİYE İŞ BANKASI YAYINLARI
Yayın, dağıtım tarihi, vb. 2020
300 ## - FİZİKSEL AÇIKLAMA
Diğer fiziksel ayrıntılar 18

No items available.